| 000 | 00793nam a2200217 i 4500 | ||
|---|---|---|---|
| 001 | 67072 | ||
| 003 | ES-MaACL | ||
| 005 | 20230906165940.0 | ||
| 007 | t| | ||
| 008 | 040504s1997 sp ||||1| spa d | ||
| 080 | _a378.4"11/14" | ||
| 100 | 1 |
_aBenito Ruano, Eloy. _927689 |
|
| 245 | 1 | 0 |
_aStudium medioevale _b: discurso leído el día 5 de marzo de 1997 en la recepción pública del Excmo. Sr. D. Eloy Benito Ruano y contestación por el Excmo. Sr. D. Antonio López Gómez. |
| 260 |
_aMadrid : _bReal Academia de Doctores, _c1997. |
||
| 300 |
_a39 p. ; _c21 cm. |
||
| 504 | _aBibliografía. | ||
| 650 | 1 | 4 |
_aUniversidades- _yS.XII-XV. _917689 |
| 700 | 1 |
_aLópez Gómez, Antonio. _973672 |
|
| 710 | 2 |
_aReal Academia de Doctores (Madrid) _96304 |
|
| 852 |
_aES-MaACL _j2171-F-17 _bR.130546 |
||
| 999 |
_c67072 _d67072 |
||